Experimental control of plant growth (Record no. 31594)

MARC details
000 -LEADER
fixed length control field 00841nam a2200349Ia 4500
082 ## - DEWEY DECIMAL CLASSIFICATION NUMBER
Classification number 581.143
Item number WEN
100 ## - MAIN ENTRY--AUTHOR NAME
Personal name Went, Frits W
245 #0 - TITLE STATEMENT
Title Experimental control of plant growth
260 ## - PUBLICATION, DISTRIBUTION, ETC. (IMPRINT)
Place of publication New York
Name of publisher Ronald press
Year of publication 1957
650 ## - SUBJECT ADDED ENTRY--TOPICAL TERM
Topical Term Biochemistry
650 ## - SUBJECT ADDED ENTRY--TOPICAL TERM
Topical Term Braod bean
650 ## - SUBJECT ADDED ENTRY--TOPICAL TERM
Topical Term Chaparral plant
650 ## - SUBJECT ADDED ENTRY--TOPICAL TERM
Topical Term Cultivated plant
650 ## - SUBJECT ADDED ENTRY--TOPICAL TERM
Topical Term Ecology
650 ## - SUBJECT ADDED ENTRY--TOPICAL TERM
Topical Term Environmental control
650 ## - SUBJECT ADDED ENTRY--TOPICAL TERM
Topical Term Germination
650 ## - SUBJECT ADDED ENTRY--TOPICAL TERM
Topical Term Grass
650 ## - SUBJECT ADDED ENTRY--TOPICAL TERM
Topical Term Nutrition
650 ## - SUBJECT ADDED ENTRY--TOPICAL TERM
Topical Term Orchids
650 ## - SUBJECT ADDED ENTRY--TOPICAL TERM
Topical Term Pea
650 ## - SUBJECT ADDED ENTRY--TOPICAL TERM
Topical Term Photosynthesis
650 ## - SUBJECT ADDED ENTRY--TOPICAL TERM
Topical Term Plant climatology
650 ## - SUBJECT ADDED ENTRY--TOPICAL TERM
Topical Term Plant growth
650 ## - SUBJECT ADDED ENTRY--TOPICAL TERM
Topical Term Plant hormone
650 ## - SUBJECT ADDED ENTRY--TOPICAL TERM
Topical Term Smog
650 ## - SUBJECT ADDED ENTRY--TOPICAL TERM
Topical Term Strawberry
650 ## - SUBJECT ADDED ENTRY--TOPICAL TERM
Topical Term Tomato
650 ## - SUBJECT ADDED ENTRY--TOPICAL TERM
Topical Term Water loss
650 ## - SUBJECT ADDED ENTRY--TOPICAL TERM
Topical Term Water relations
942 ## - ADDED ENTRY ELEMENTS (KOHA)
Koha item type Books
Holdings
Withdrawn status Lost status Damaged status Not for loan Home library Current library Date acquired Full call number Accession Number Koha item type
        RRII Library RRII Library 16/12/2021 581.143 WEN 12135 Books